00346nam a22001457a 4500003000400000008004100004020001800045082001400063100002100077245003000098250001100128260002500139300000800164650002800172OSt250418b |||||||| |||| 00| 0 eng d a9789365890846 a006.3 RAG aRAMCHANDANI,Toni aA Generative Jouney to AI a1st Ed aNew DelhibBPBc2025 a456 aGenerative Jouney to AI